| 000 | 00515nam a2200205Ia 4500 | ||
|---|---|---|---|
| 003 | OSt | ||
| 005 | 20230607155727.0 | ||
| 008 | 210423s1995 xx 000 0 und d | ||
| 040 | _cAL | ||
| 041 | _aeng | ||
| 082 |
_a307.76 CARS _223 |
||
| 100 |
_aCARTER (Harold) _9121492 |
||
| 245 | _aStudy of urban geography | ||
| 260 |
_bRawat Publications _c1995 |
||
| 365 |
_b895 _cINR |
||
| 650 |
_aSociology _9121493 |
||
| 650 |
_aUrban Communities _9121494 |
||
| 906 | _ageography ; Study ; urban | ||
| 942 |
_2ddc _cBK |
||
| 999 |
_c173866 _d173866 |
||